000 00738cam a2200193 4500
001 J64191
008 000000n1980 000 0 eng u
035 _a(Sirsi) u112296
110 _aInstitute of Building Control
_93341
245 4 _aThe Institute of Building Control Officers fourteenth weekend school 'on the move'
260 _aEpsom
_bIBC
_c1980
300 _a[ca. 100p.]. ; 30cm.
520 _aStored in basement. Weekend School held at South Glamorgan Institution of Higer Education Cardiff - Friday 11th April to Sunday 13th April, 1980
650 _aIBC
650 _aINSTITUTE OF BUILDING CONTROL
650 _aPROFESSIONAL ASSOCIATIONS
690 _aMANAGEMENT-BUSINESS MANAGEMENT-PROFESSIONAL PRACTICE
942 _n0
999 _c101393
_d101393